00869nam a2200229 a 450000100060000000300090000600800410001502000150005604000280007108200180009910000370011724500600015426000230021430000090023750500880024665000640033465000310039865000410042994200120047099900170048295201400049922804CO-ViMGA141112s2004 ck r 000 u spa d a9586902757 aCO-ViMGAbspacCO-ViMGA04a346.029 R849d1 aRuiz Reyes, Luz Amèrica93260910aEl delito de enriquecimiento ilìcito de particulares aColombia : bLeyer a92p. aAntecedentes Fàcticos, Antecedentes juridicos, La antijuricidad, La culpabilidad14a( ENRIQUECIMIENTO ILICITO - LEGISLACION - COLOMBIA) 93261014aDELITOS - COLOMBIA 91080514aPROBLEMAS SOCIALES - COLOMBIA 96429 2ddccBK c31101d31101 00102ddc40708002aMEVIECARbMEVIECARd2015-12-04h09/nov/2009l0o346.029 R849d p22804r2015-12-04 00:00:00tEj. 1w2015-12-04yBK